000 00808 a2200229 4500
003 Nust
005 20170207154318.0
020 _a0-387-98959-5 (acid-free paper) ;
040 _cNust
082 _a519.4
100 1 _aQuarteroni, Alfio
245 1 0 _aNumerical mathematics (E-Book)
_cAlfio Quarteroni, Riccardo Sacco, Fausto Saleri
260 _aNew York :
_bSpringer,
_ccop. 2000
300 _axx, 654 s. :
_bill. ;
_c24 cm
440 0 _aTexts in applied mathematics,
_v37
505 _aPART I: Getting Started,PART II: Numerical Linear Algebra,PART III: Around Functions And Functionals,PART IV: Transforms, Differentiationand Problem Discretization
650 0 _aNumerical analysis
650 0 _aNumerical analysis
650 0 _aNumerisk analys
700 1 _aSacco, Riccardo
700 1 _aSaleri, Fausto
942 _2ddc
_cBK
999 _c196650
_d196650